=LDR 00000nam 2200000 4500 =001 INLIS000000000025329 =005 20210308085735 =035 ##$$a 0010-061300000025329 =008 210308################g##########0#ind## =041 ##$$a Ind =082 ##$$a 398.8 =090 ##$$a 398.8, Dok d =245 ##$$a Dokrin jalan tengah Zhong yong = Zhong yong the dokrine of the mean : $b ( Pepatah populer 17 ) /$c Diterjemahkan, Mary Ng En Tzu, editing, Tsai Chih Chung =260 ##$$a Jakarta :$b Elex Media Komputindo,$c 1994 =300 ##$$a xiii, 79 hlm. : $b ilus. ; $c 21 x 14 cm. =650 #4$$a Pepatah =850 ##$$a NBPNMAT =020 ##$$a 979-637-236-3 =084 ##$$a 398.8 DOK d =700 #$$a Mary Ng En Tzu =700 #$$a Tsai Chih Chung =990 ##$$a 145.586/Pro-99 =990 ##$$a 145.585/Pro-99